00216 a2200121 4500001000700000020000600007040001100013100000600024240002600030245002100056362000900077440000800086162951 a  cMagnum a-10aA pequena sereialpor10aA pequena sereia0 a1899 1aEko